<?xml version="1.0" encoding="UTF-8"?>
<record
    xmlns:xsi="http://www.w3.org/2001/XMLSchema-instance"
    xsi:schemaLocation="http://www.loc.gov/MARC21/slim http://www.loc.gov/standards/marcxml/schema/MARC21slim.xsd"
    xmlns="http://www.loc.gov/MARC21/slim">

  <leader>01148nam a2200265Ia 4500</leader>
  <controlfield tag="003">OSt</controlfield>
  <controlfield tag="005">20221005111752.0</controlfield>
  <controlfield tag="006">a|||||r|||| 00| 0 </controlfield>
  <controlfield tag="007">ta</controlfield>
  <controlfield tag="008">221004b        |||||||| |||| 00| 0 hin d</controlfield>
  <datafield tag="020" ind1=" " ind2=" ">
    <subfield code="a">9788189868567 (hbk)</subfield>
    <subfield code="c">650</subfield>
  </datafield>
  <datafield tag="024" ind1=" " ind2=" ">
    <subfield code="a">122719</subfield>
  </datafield>
  <datafield tag="037" ind1=" " ind2=" ">
    <subfield code="b">13325, 14/07/2012, Kitab Ghar</subfield>
    <subfield code="c">Textual</subfield>
  </datafield>
  <datafield tag="040" ind1=" " ind2=" ">
    <subfield code="a">CRL</subfield>
    <subfield code="c">CRL</subfield>
    <subfield code="b">hin</subfield>
  </datafield>
  <datafield tag="041" ind1=" " ind2=" ">
    <subfield code="2">hin</subfield>
    <subfield code="a">hin</subfield>
  </datafield>
  <datafield tag="082" ind1=" " ind2=" ">
    <subfield code="a">Y7:1, 152P9</subfield>
  </datafield>
  <datafield tag="100" ind1=" " ind2=" ">
    <subfield code="a">&#x915;&#x938;&#x92C;&#x947;, &#x930;&#x93E;&#x935; &#x938;&#x93E;&#x939;&#x947;&#x92C;</subfield>
    <subfield code="9">160371</subfield>
  </datafield>
  <datafield tag="245" ind1=" " ind2="0">
    <subfield code="a">&#x92E;&#x928;&#x941;&#x937;&#x94D;&#x92F; &#x914;&#x930; &#x927;&#x930;&#x94D;&#x92E;&#x91A;&#x93F;&#x902;&#x924;&#x928;</subfield>
    <subfield code="b"> &#x92D;&#x93E;&#x930;&#x924;&#x940;&#x92F; &#x907;&#x924;&#x93F;&#x939;&#x93E;&#x938; &#x915;&#x947; &#x905;&#x924;&#x940;&#x924; &#x915;&#x940; &#x930;&#x94B;&#x936;&#x928;&#x940; &#x92E;&#x947;&#x902; &#x92E;&#x928;&#x941;&#x937;&#x94D;&#x92F; &#x915;&#x93E; &#x905;&#x927;&#x94D;&#x92F;&#x92F;&#x928;</subfield>
  </datafield>
  <datafield tag="246" ind1=" " ind2=" ">
    <subfield code="a">Manu&#x1E63;hya aur dharmachiantana: bh&#x101;rat&#x12B;ya itih&#x101;s ke at&#x12B;t k&#x12B; roshan&#x12B; mean manu&#x1E63;hya k&#x101; adhyayana</subfield>
  </datafield>
  <datafield tag="260" ind1=" " ind2=" ">
    <subfield code="a">&#x92E;&#x941;&#x92C;&#x902;&#x908;</subfield>
    <subfield code="b">&#x938;&#x902;&#x935;&#x93E;&#x926; &#x92A;&#x94D;&#x930;&#x915;&#x93E;&#x936;&#x928; &#x92D;&#x93E;&#x930;&#x924;      </subfield>
    <subfield code="c">2009</subfield>
  </datafield>
  <datafield tag="300" ind1=" " ind2=" ">
    <subfield code="a">461&#x92A;&#x943;0</subfield>
    <subfield code="c">cm.</subfield>
  </datafield>
  <datafield tag="650" ind1=" " ind2=" ">
    <subfield code="a">&#x92D;&#x93E;&#x930;&#x924;&#x940;&#x92F;-&#x932;&#x94B;&#x915; &#x938;&#x93E;&#x939;&#x93F;&#x924;&#x94D;&#x92F;</subfield>
  </datafield>
  <datafield tag="942" ind1=" " ind2=" ">
    <subfield code="h">Y7:1, 152P9</subfield>
    <subfield code="c">TEXL</subfield>
    <subfield code="2">cc</subfield>
  </datafield>
  <datafield tag="999" ind1=" " ind2=" ">
    <subfield code="c">1022829</subfield>
    <subfield code="d">1022829</subfield>
  </datafield>
  <datafield tag="952" ind1=" " ind2=" ">
    <subfield code="0">0</subfield>
    <subfield code="1">0</subfield>
    <subfield code="4">0</subfield>
    <subfield code="7">0</subfield>
    <subfield code="a">CRL</subfield>
    <subfield code="b">CRL</subfield>
    <subfield code="d">2022-10-05</subfield>
    <subfield code="e">13325, 14/07/2012, Kitab Ghar</subfield>
    <subfield code="g">650.00</subfield>
    <subfield code="l">0</subfield>
    <subfield code="o">Y7:1 152P9</subfield>
    <subfield code="p">CL1549628</subfield>
    <subfield code="r">2022-10-05 00:00:00</subfield>
    <subfield code="v">650.00</subfield>
    <subfield code="w">2022-10-05</subfield>
    <subfield code="y">TEXL</subfield>
  </datafield>
</record>
